[Event "Mechanics' Spring TNM; G/2"]
[Site "San Francisco"]
[Date "2016.03.15"]
[Round "1.34"]
[White "Babayan, Gagik"]
[Black "Greene, Sam"]
[Result "1-0"]
[WhiteElo "1833"]
[BlackElo "916"]
[PlyCount "55"]
[EventDate "2016.??.??"]

1. e4 e6 2. d4 d5 3. Nc3 Nf6 4. Bg5 Be7 5. e5 Nfd7 6. Bxe7 Qxe7 7. f4 c5 8. Nf3
Nc6 9. Nb5 O-O 10. c3 f6 11. Bd3 cxd4 12. cxd4 Qb4+ 13. Qd2 fxe5 14. fxe5 Qxd2+
15. Kxd2 Nb6 16. Rac1 Bd7 17. b3 Rf4 18. Ke3 Nb4 19. Nd6 Nxd3 20. Kxd3 Bc6 21.
Rc2 Nd7 22. Ke3 Rg4 23. h3 Rg6 24. a4 a6 25. g4 Nb6 26. g5 Nc8 27. Nxc8 Rxc8
28. h4 {Remaining moves unavailable. White is winning.} 1-0

[Event "Mechanics' Summer TNM; G/2"]
[Site "San Francisco"]
[Date "2016.07.05"]
[Round "7.18"]
[White "Babayan, Gagik"]
[Black "Hack, Richard"]
[Result "1-0"]
[WhiteElo "1861"]
[BlackElo "1577"]
[PlyCount "27"]
[EventDate "2016.??.??"]

1. e4 e5 2. Nf3 Nc6 3. d4 exd4 4. Nxd4 Bc5 5. Be3 Qf6 6. c3 Qg6 7. Nd2 Nf6 8.
Qc2 Ng4 9. g3 Nxe3 10. fxe3 O-O 11. O-O-O d6 12. Re1 Ne5 13. Nf5 Be6 $4 14.
Ne7+ 1-0

[Event "Mechanics' Winter TNM; G/2"]
[Site "San Francisco"]
[Date "2016.02.02"]
[Round "5.10"]
[White "Babayan, Gagik"]
[Black "Klinetobe, David"]
[Result "0-1"]
[WhiteElo "1833"]
[BlackElo "2000"]
[Annotator "Donaldson"]
[PlyCount "22"]
[EventDate "2016.??.??"]

1. e4 e6 2. d4 d5 3. Nc3 Bb4 4. e5 c5 5. a3 Bxc3+ 6. bxc3 Ne7 7. Qg4 Qc7 8.
Bb5+ $6 Nbc6 9. Ne2 (9. Qxg7) 9... cxd4 10. cxd4 $4 (10. Qxg7) (10. O-O) 10...
Qa5+ 11. Bd2 Qxb5 {and later ...0-1.} 0-1

[Event "Mechanics' Spring TNM; G/2"]
[Site "San Francisco"]
[Date "2016.03.29"]
[Round "3.24"]
[White "Babayan, Gagik"]
[Black "Simpkins, Jerry"]
[Result "1-0"]
[WhiteElo "1833"]
[BlackElo "1512"]
[Annotator "Donaldson"]
[PlyCount "66"]
[EventDate "2016.??.??"]

1. e4 e5 2. Nf3 f5 3. Nxe5 Qf6 4. d4 d6 5. Nc4 fxe4 6. Be2 Bf5 7. Nc3 c6 8. Be3
Nd7 9. g4 Bg6 10. h4 d5 11. Nd2 Bb4 12. Ncb1 Ne7 13. c3 Bd6 14. h5 Bf7 15. g5
Qe6 16. b4 Nf5 17. Nf1 Nxe3 18. Nxe3 Bf4 19. Bg4 Qe7 20. Bxd7+ Qxd7 21. Nd2
Bxg5 22. Ng4 Qf5 23. Nf1 O-O 24. Nfe3 Bxe3 25. Nxe3 Bxh5 $5 ({Unnecessary.} 
25... Qf6 {and Black wins easily by tripling on the f-file.}) 26. Qxh5 Qxf2+
27. Kd1 Qf3+ (27... h6 $17) (27... Qxe3 $2 28. Qxh7+ Kf7 29. Qf5+ Ke7 30. Qe5+
$11) 28. Qxf3 Rxf3 29. Ke2 Raf8 30. Raf1 g5 31. c4 dxc4 32. Nxc4 g4 33. Ne5 g3
$4 {White went on to win. Remaining moves unavailable.} 1-0

[Event "Mechanics' Winter TNM; G/2"]
[Site "San Francisco"]
[Date "2016.01.19"]
[Round "3.3"]
[White "Babayan, Gagik"]
[Black "Tsodikova, Natalya"]
[Result "0-1"]
[WhiteElo "1833"]
[BlackElo "2207"]
[PlyCount "98"]
[EventDate "2016.??.??"]

1. e4 e5 2. Nf3 Nc6 3. Bb5 Nge7 4. c3 g6 5. d4 exd4 6. cxd4 d5 7. e5 Bg7 8. h3
O-O 9. Nc3 f6 10. exf6 Bxf6 11. Bh6 Re8 12. O-O Nf5 13. Bxc6 bxc6 14. Bf4 Rb8
15. Qd2 Bd7 16. a3 Nd6 17. Bxd6 cxd6 18. g4 Rf8 19. Nh2 Qb6 20. Nf3 Qxb2 21.
Qxb2 Rxb2 22. Rab1 Rfb8 23. Rxb2 Rxb2 24. Rb1 Rxb1+ 25. Nxb1 c5 26. Nc3 Bc6 27.
Ne2 Kf7 28. Kf1 Bb5 29. Ke1 Bd8 30. Nc3 Ba5 31. Kd2 h6 32. Kc2 Bf1 33. dxc5
Bxc3 34. Kxc3 dxc5 35. Ne5+ Kg7 36. h4 d4+ 37. Kd2 Bb5 38. f4 Kf6 39. Nf3 Ke6
40. Ne5 g5 41. hxg5 hxg5 42. Ng6 Kf6 43. f5 c4 44. Nf8 c3+ 45. Kc1 d3 46. Nh7+
Kg7 47. Nxg5 d2+ 48. Kc2 Ba4+ 49. Kxc3 d1=Q 0-1

[Event "Mechanics' Spring TNM; G/2"]
[Site "San Francisco"]
[Date "2016.05.03"]
[Round "8.18"]
[White "Babyan, Gagik"]
[Black "Sachs-Weintraub, Julian"]
[Result "1-0"]
[WhiteElo "1833"]
[BlackElo "1369"]
[Annotator "Donaldson"]
[PlyCount "31"]
[EventDate "2016.??.??"]

1. e4 c5 2. Nf3 Nc6 3. d4 cxd4 4. Nxd4 e5 5. Nb5 Qa5+ $2 (5... d6) 6. Bd2 Qb6
7. N1c3 a6 8. Nd5 Qxb5 9. Bxb5 Bd6 10. Bxc6 bxc6 11. Nb6 Rb8 12. Nxc8 Rxc8 13.
Bc3 f6 14. Qxd6 Nh6 15. O-O-O Rd8 16. Ba5 1-0

[Event "Mechanics' Winter TNM; G/2"]
[Site "San Francisco"]
[Date "2016.01.05"]
[Round "1.35"]
[White "Bachseitz, Martin"]
[Black "O'Brien, Maria"]
[Result "1-0"]
[WhiteElo "1763"]
[BlackElo "914"]
[PlyCount "75"]
[EventDate "2016.??.??"]

1. e4 e5 2. Nf3 Nc6 3. Bb5 d6 4. d4 Bd7 5. d5 Nce7 6. Bxd7+ Qxd7 7. c4 Qg4 8.
O-O Qxe4 9. Qb3 Qf5 10. Qxb7 Qc8 11. Qxc8+ Rxc8 12. Be3 a5 13. Nc3 Nf6 14. Nb5
Nf5 15. Bd2 Be7 16. Bxa5 Bd8 17. Na7 Ra8 18. Nc6 O-O 19. b4 Ne8 20. c5 Bf6 21.
Rae1 h6 22. g4 Ne7 23. cxd6 Nxc6 24. dxc6 cxd6 25. c7 d5 26. Nxe5 Bxe5 27. Rxe5
Rc8 28. Rc1 Nf6 29. b5 Ra8 30. Bb4 Rfc8 31. b6 Nd7 32. b7 Nxe5 33. bxa8=Q Rxa8
34. c8=Q+ Rxc8 35. Rxc8+ Kh7 36. a4 Nc4 37. Rxc4 dxc4 38. a5 1-0

[Event "Mechanics' Winter TNM; G/2"]
[Site "San Francisco"]
[Date "2016.02.02"]
[Round "5.14"]
[White "Bachseitz, Martin"]
[Black "Ortega, Bill"]
[Result "0-1"]
[WhiteElo "1763"]
[BlackElo "2090"]
[PlyCount "102"]
[EventDate "2016.??.??"]

1. e4 d5 2. exd5 Nf6 3. d4 Nxd5 4. c4 Nb6 5. Nc3 e5 6. Qe2 Be7 7. dxe5 Nc6 8.
Nf3 O-O 9. Qe4 Re8 10. Bf4 Bg4 11. Rd1 Bxf3 12. Rxd8 Bxe4 13. Rxa8 Nxa8 14.
Nxe4 Bb4+ 15. Kd1 Nxe5 16. Bxe5 Rxe5 17. Bd3 Nb6 18. a3 Be7 19. f4 Re6 20. Nc3
Bf6 21. Kd2 c5 22. b3 Bd4 23. Ne4 h6 24. Re1 f5 25. Nxc5 Rxe1 26. Kxe1 Bxc5 27.
b4 Bg1 28. c5 Nc8 29. Bxf5 Ne7 30. Be4 b6 31. c6 Bxh2 32. f5 Kf7 33. Kf2 Be5
34. Ke3 Kf6 35. g4 h5 36. Kf3 Kg5 37. gxh5 Nxf5 38. Bxf5 Kxf5 39. b5 Bc7 40.
Ke3 Ke5 41. a4 Kd5 42. Kd3 Be5 43. Ke3 Bd6 44. Kd3 Ke5 45. Kc4 Ke4 46. Kc3 Bc7
47. Kc4 Be5 48. Kb4 Kd4 49. a5 Bd6+ 50. Ka4 Kc5 51. a6 Bc7 0-1

[Event "Mechanics' Winter TNM; G/2"]
[Site "San Francisco"]
[Date "2016.02.16"]
[Round "7.27"]
[White "Bachseitz, Martin"]
[Black "Starr, Albert Mart"]
[Result "1-0"]
[WhiteElo "1763"]
[BlackElo "1623"]
[PlyCount "47"]
[EventDate "2016.??.??"]

1. e4 e5 2. Nf3 Nf6 3. Nxe5 d6 4. Nf3 Nxe4 5. Nc3 Nxc3 6. dxc3 Be7 7. Be3 O-O
8. Qd2 Nc6 9. O-O-O Bg4 10. Kb1 Ne5 11. Be2 Nxf3 12. gxf3 Bh5 13. Qd5 Bg6 14.
f4 c6 15. Qf3 f5 16. h4 Bf7 17. Qg3 Bf6 18. Bf3 Qa5 19. a3 d5 20. Bd4 Be6 21.
Rhg1 Qc7 22. Rde1 Bd7 {Diagram #} 23. Qxg7+ $1 Bxg7 24. Rxg7+ 1-0

[Event "Mechanics' Winter TNM; G/2"]
[Site "San Francisco"]
[Date "2016.01.19"]
[Round "3.14"]
[White "Bachseitz, Martin"]
[Black "Steger, Eric Alan"]
[Result "1-0"]
[WhiteElo "1763"]
[BlackElo "2038"]
[PlyCount "147"]
[EventDate "2016.??.??"]

1. e4 e5 2. Nf3 Nc6 3. Bb5 a6 4. Ba4 Nf6 5. O-O b5 6. Bb3 Be7 7. Re1 d6 8. c3
Na5 9. Bc2 c5 10. d4 Qc7 11. h3 O-O 12. Nbd2 Re8 13. Nf1 Bf8 14. d5 g6 15. b3
Bg7 16. Bd2 Bd7 17. N3h2 Nb7 18. Qf3 h5 19. Ne3 Qc8 20. Kh1 Nh7 21. g4 h4 22.
Ng2 Qd8 23. Qe3 Bf6 24. Nf3 g5 25. Rg1 Be7 26. Kh2 Kh8 27. Qe2 Rg8 28. Ne3 f6
29. Bd3 Qb6 30. Rgb1 Nf8 31. a4 Ng6 32. axb5 axb5 33. Nf5 Ra6 34. Qf1 Rga8 35.
Qc1 Rxa1 36. Rxa1 Rxa1 37. Qxa1 Qa5 38. Qxa5 Nxa5 39. c4 bxc4 40. Nxe7 Nxe7 41.
Bxa5 cxd3 42. Bd8 Ng6 43. Bxf6+ Kg8 44. Bxg5 Kf7 45. Kg2 Bb5 46. Nd2 Ke8 47.
Kf3 Kd7 48. Ke3 Kc7 49. f4 exf4+ 50. Bxf4 Kd7 51. Bh2 Ke7 52. Nc4 Bxc4 53. bxc4
Nh8 54. Kxd3 Nf7 55. Bf4 Kf6 56. g5+ Nxg5 57. Bxg5+ Kxg5 58. Ke3 Kg6 59. Kf4
Kf6 60. Kg4 Ke5 61. Kxh4 Kxe4 62. Kg5 Kd4 63. h4 Kxc4 64. h5 Kxd5 65. h6 Kd4
66. h7 Kd3 67. h8=Q c4 68. Qh3+ Kd2 69. Qg2+ Kd3 70. Qf3+ Kc2 71. Qe2+ Kb3 72.
Qd1+ Kb2 73. Qd4+ Kc2 74. Qxc4+ 1-0

[Event "Mechanics' Spring TNM; G/2"]
[Site "San Francisco"]
[Date "2016.05.03"]
[Round "8.16"]
[White "Bacus, Ephraim Cub"]
[Black "Drane, Robert W"]
[Result "0-1"]
[WhiteElo "1836"]
[BlackElo "2012"]
[PlyCount "78"]
[EventDate "2016.??.??"]

1. d4 f5 2. c4 Nf6 3. Nc3 e6 4. Nf3 Bb4 5. a3 Bxc3+ 6. bxc3 b6 7. Bg5 Bb7 8. g3
h6 9. Bxf6 Qxf6 10. Bg2 d6 11. Nh4 Bxg2 12. Nxg2 O-O 13. e3 c5 14. O-O Nc6 15.
Qe2 e5 16. Rad1 Rae8 17. Qd3 Na5 18. Rc1 Qf7 19. d5 Qd7 20. Rc2 Qa4 21. e4 Qxc4
22. Qxc4 Nxc4 23. exf5 Rxf5 24. Ne3 Nxe3 25. fxe3 Rxf1+ 26. Kxf1 Rf8+ 27. Ke2
e4 28. c4 Rf7 29. a4 Kf8 30. g4 Rb7 31. Kf2 a6 32. Rb2 Ke7 33. Kg3 g5 34. h4
Rb8 35. hxg5 hxg5 36. Rh2 Rf8 37. Rf2 Rxf2 38. Kxf2 b5 39. a5 bxc4 0-1

[Event "Mechanics' Spring TNM; G/2"]
[Site "San Francisco"]
[Date "2016.03.22"]
[Round "2.32"]
[White "Bacus, Ephraim Cub"]
[Black "James, Charles"]
[Result "1-0"]
[WhiteElo "1836"]
[BlackElo "1370"]
[PlyCount "61"]
[EventDate "2016.??.??"]

1. e4 d5 2. exd5 Qxd5 3. Nf3 Nf6 4. Nc3 Qd8 5. Be2 Bg4 6. Ne5 Bxe2 7. Qxe2 e6
8. Qb5+ Nbd7 9. Nxd7 Nxd7 10. Qxb7 Bc5 11. O-O O-O 12. Ne4 Rb8 13. Qa6 Rb6 14.
Qe2 Be7 15. b3 f5 16. Nc3 Bf6 17. Bb2 a6 18. Rab1 Nc5 19. Rfe1 Bxc3 20. Bxc3
Ne4 21. Rbd1 Nxc3 22. dxc3 Qf6 23. Qe5 Qe7 24. c4 c5 25. Rd3 Rd8 26. Red1 Rbb8
27. Rxd8+ Rxd8 28. Rxd8+ Qxd8 29. Qxe6+ Kf8 30. Qxf5+ Kg8 31. Qd5+ 1-0

[Event "Mechanics' Winter TNM; G/2"]
[Site "San Francisco"]
[Date "2016.02.23"]
[Round "8.23"]
[White "Bannan, Frank"]
[Black "Dupree, Charles"]
[Result "1-0"]
[WhiteElo "1921"]
[BlackElo "1630"]
[PlyCount "133"]
[EventDate "2016.??.??"]

1. e4 c5 2. Nc3 a6 3. Nf3 e6 4. d4 cxd4 5. Nxd4 Qc7 6. Be2 Bb4 7. Bd2 Nf6 8.
Bd3 Nc6 9. Nxc6 bxc6 10. O-O d5 11. Nb5 axb5 12. Bxb4 dxe4 13. Be2 Nd5 14. Bc5
Qe5 15. b4 Ne7 16. f4 Qc7 17. Qd4 O-O 18. Qxe4 Rd8 19. Bd3 f5 20. Qe2 Nd5 21.
Qf2 Ra3 22. g3 Rd7 23. Qe1 Rf7 24. Qc1 Ra4 25. Qb2 Nb6 26. Rfd1 Nd7 27. Bf2 Ra8
28. Re1 Nf6 29. Bc5 Nd7 30. Rxe6 Nxc5 31. Re8+ Rf8 32. Rxf8+ Kxf8 33. bxc5 Be6
34. a3 Ra4 35. Re1 Qf7 36. Qe5 Bd7 37. Qd6+ Kg8 38. Re7 Rd4 39. Rxf7 Rxd6 40.
Rxg7+ Kxg7 41. cxd6 Kf6 42. c4 Ke6 43. cxb5 cxb5 44. Kf2 Kxd6 45. Ke3 Kd5 46.
Be2 Kc5 47. Kd3 Be6 48. Kc3 Bd7 49. Bf3 Be6 50. h3 Bc4 51. Bg2 Be2 52. Kd2 Bh5
53. Ke3 Kc4 54. Bf1+ Kc5 55. Be2 Bf7 56. g4 Be6 57. Kd2 Bd7 58. Kc3 Be6 59. Bf3
Bd7 60. g5 Be6 61. Bh5 Bc4 62. h4 Kd6 63. Kd4 Ke6 64. Be8 Ke7 65. Bh5 Ke6 66.
Kc5 Ke7 67. Bf3 1-0

[Event "Mechanics' Summer TNM; G/2"]
[Site "San Francisco"]
[Date "2016.07.05"]
[Round "7.39"]
[White "Bannon, Frank"]
[Black "Chen, Ming"]
[Result "0-1"]
[WhiteElo "1935"]
[BlackElo "1900"]
[PlyCount "50"]
[EventDate "2016.??.??"]

1. e4 e6 2. d4 d5 3. Nc3 Nf6 4. Bg5 dxe4 5. Nxe4 Nbd7 6. Nf3 Be7 7. Nxf6+ Bxf6
8. Bxf6 Qxf6 9. Qd2 c5 10. O-O-O O-O 11. Bd3 cxd4 12. Nxd4 Nc5 13. Qe2 b6 14.
f3 Bb7 15. Rhe1 Rad8 16. Nb3 Nxd3+ 17. Rxd3 Rxd3 18. Qxd3 Qf4+ 19. Kb1 Bd5 20.
Rd1 Rc8 21. Nd2 Qxh2 22. c4 Bc6 23. Ne4 h6 24. g4 Qe5 25. Re1 f5 0-1

[Event "Mechanics' Winter TNM; G/2"]
[Site "San Francisco"]
[Date "2016.02.16"]
[Round "7.36"]
[White "Bannon, Frank"]
[Black "Koga, Micah"]
[Result "1-0"]
[WhiteElo "1923"]
[BlackElo "1738"]
[PlyCount "45"]
[EventDate "2016.??.??"]

1. e4 e6 2. d4 d5 3. Nc3 c5 4. Nf3 Nc6 5. Be3 cxd4 6. Nxd4 Nf6 7. Bb5 Bd7 8.
exd5 exd5 9. O-O Be7 10. Nb3 O-O 11. Nxd5 Nxd5 12. Qxd5 a6 13. Bd3 Nb4 14. Qe4
Nxd3 15. Qxd3 Qc7 16. c3 Bb5 17. Qf5 Bxf1 18. Rxf1 Rfe8 19. Nd4 Bf6 20. Qg4
Bxd4 21. Bxd4 g6 22. Qg5 f5 23. Qf6 1-0

[Event "Mechanics' Fall TNM; G/2"]
[Site "San Francisco"]
[Date "2016.10.18"]
[Round "1.36"]
[White "Baterdene, Jonathan"]
[Black "Boldi, Ethan Vaugh"]
[Result "*"]
[WhiteElo "970"]
[BlackElo "1811"]
[PlyCount "46"]
[EventDate "2016.??.??"]

1. e4 e6 2. d4 d5 3. Nc3 Nf6 4. Bd3 Bb4 5. e5 Nfd7 6. Nf3 c5 7. a3 Bxc3+ 8.
bxc3 Nc6 9. Be3 Qa5 10. Bd2 c4 11. Be2 Nb6 12. O-O Na4 13. Qc1 b5 14. Qb1 Rb8
15. Bd1 Nxc3 16. Qb2 Na4 17. Qb1 c3 18. Be1 Ba6 19. Be2 Qb6 20. Qa2 Nxd4 21.
Nxd4 Qxd4 22. Rb1 Qxe5 23. Bd3 d4 {
Black is winning and later won Remaining moves unavailable.} *

[Event "Mechanics' Alan Benson TNM; G/2"]
[Site "San Francisco"]
[Date "2016.09.20"]
[Round "8.39"]
[White "Baterdene, Jonathan"]
[Black "Capdeville, Barry"]
[Result "1/2-1/2"]
[WhiteElo "966"]
[BlackElo "1224"]
[Annotator "Donaldson"]
[PlyCount "36"]
[EventDate "2016.??.??"]

1. e4 e5 2. Nf3 Nf6 3. Nc3 d6 4. d4 Be7 $2 5. dxe5 dxe5 6. Qxd8+ Bxd8 7. Nxe5
O-O 8. Bc4 Nbd7 9. Nf3 Re8 10. Ng5 Ne5 11. Bb3 h6 12. Nf3 Nxf3+ 13. gxf3 Bh3
14. Rg1 Kh7 15. Bxf7 Re7 16. Bg6+ Kh8 17. Rg3 Bd7 18. Bf4 Be8 {
After 19.0-0-0 White has every chance to win.} 1/2-1/2

[Event "Mechanics' Alan Benson TNM; G/2"]
[Site "San Francisco"]
[Date "2016.08.30"]
[Round "5.41"]
[White "Baterdene, Jonathan"]
[Black "Frank, Robert H"]
[Result "1/2-1/2"]
[WhiteElo "966"]
[BlackElo "1293"]
[PlyCount "57"]
[EventDate "2016.??.??"]

1. e4 e5 2. Nf3 Nf6 3. Nc3 Nc6 4. Bb5 Bb4 5. d3 Nd4 6. Bc4 d5 7. exd5 Nxd5 8.
Bd2 Nxf3+ 9. Qxf3 Be6 10. Nxd5 Bxd2+ 11. Kxd2 Qg5+ 12. Ke2 Bg4 13. Qxg4 Qxg4+
14. f3 Qd7 15. Rhe1 O-O 16. Kf2 c6 17. Nc3 b5 18. Bb3 Rae8 19. Re4 g6 20. Rae1
a5 21. a4 b4 22. Ne2 Kg7 23. g4 f5 24. gxf5 Rxf5 25. Ng3 Rg5 26. h4 Rxg3 27.
Kxg3 Rf8 28. d4 c5 29. dxe5 1/2-1/2

[Event "Mechanics' Winter TNM; G/2"]
[Site "San Francisco"]
[Date "2016.02.09"]
[Round "6.49"]
[White "Baterdene, Jonathan"]
[Black "Greene, Sammy"]
[Result "0-1"]
[WhiteElo "768"]
[BlackElo "916"]
[PlyCount "64"]
[EventDate "2016.??.??"]

1. e4 c5 2. Nf3 Nc6 3. Nc3 g6 4. d4 cxd4 5. Nxd4 Bg7 6. Nf3 d6 7. Ng5 Nf6 8.
Bc4 e6 9. O-O a6 10. Bf4 Bf8 11. e5 dxe5 12. Qxd8+ Kxd8 13. Rad1+ Ke7 14. Be3
Nd7 15. Nce4 b5 16. Bb3 h6 17. Nf3 Bg7 18. Nc5 Rd8 19. Nxd7 Rxd7 20. Bc5+ Ke8
21. Rxd7 Bxd7 22. Rd1 e4 23. Nd4 a5 24. Nxc6 Bxc6 25. c3 a4 26. Bc2 Bd5 27. b3
Bxc3 28. Be3 g5 29. f3 exf3 30. gxf3 Bxf3 31. Rd3 Be5 32. Bc5 Bd5 0-1

[Event "Mechanics' Winter TNM; G/2"]
[Site "San Francisco"]
[Date "2016.01.05"]
[Round "1.36"]
[White "Baterdene, Jonathan"]
[Black "Handler, Andrew To"]
[Result "0-1"]
[WhiteElo "768"]
[BlackElo "1752"]
[Annotator "Donaldson"]
[PlyCount "106"]
[EventDate "2016.??.??"]

1. e4 c5 2. Nf3 Nc6 3. Nc3 g6 4. d4 cxd4 5. Nxd4 Bg7 6. Nf3 d6 7. Bb5 Nf6 8.
Nd4 Bd7 9. Nf3 O-O 10. O-O a6 11. Bc4 b5 12. Bd5 Rc8 13. a3 e6 14. Bxc6 Bxc6
15. Re1 a5 16. Bf4 e5 17. Bg5 b4 18. axb4 axb4 19. Nd5 Bxd5 20. exd5 Qc7 21.
Rc1 Qc5 22. c4 bxc3 23. Rxc3 Qb5 24. Rxc8 Rxc8 25. Bxf6 Bxf6 26. Ng5 Bxg5 27.
Qg4 Qc4 28. Qxg5 Qxd5 29. f4 Qd4+ 30. Kf1 Rc2 31. Re2 Rxe2 (31... Qd3) 32. Kxe2
Qxb2+ 33. Kf3 Qd4 34. Qd8+ Kg7 35. fxe5 dxe5 36. Qxd4 exd4 37. Ke4 Kf6 38. Kxd4
Kf5 39. Ke3 Kg4 40. Ke4 f5+ 41. Ke3 f4+ 42. Ke2 g5 43. Kf2 h5 44. h3+ Kf5 45.
g3 Ke4 46. gxf4 gxf4 47. h4 f3 48. Kg3 Ke3 49. Kh2 Ke2 50. Kg3 f2 51. Kh2 f1=Q
52. Kg3 Qf6 53. Kg2 Qg6+ 0-1

[Event "Mechanics' Fall TNM; G/2"]
[Site "San Francisco"]
[Date "2016.12.13"]
[Round "9.38"]
[White "Baterdene, Jonathan"]
[Black "Marrus, Matthew E"]
[Result "0-1"]
[WhiteElo "970"]
[BlackElo "1324"]
[PlyCount "65"]
[EventDate "2016.??.??"]

1. e4 e5 2. Nf3 Nc6 3. Bc4 h6 4. d4 exd4 5. Nxd4 Ne5 6. Bb3 Nf6 7. Nc3 Bb4 8.
Bf4 Nxe4 9. Bxe5 Nxc3 10. bxc3 Bxc3+ 11. Kf1 Bxa1 12. Qxa1 Qg5 13. Nf3 Qg6 14.
Rg1 b6 15. Bd5 Ba6+ 16. c4 c6 17. Nh4 Qd3+ 18. Ke1 cxd5 19. Qb2 Qe4+ 20. Kd1
Qxh4 21. Re1 Qg4+ 22. f3 Qg6 23. Qa3 Bxc4 24. Bc7+ Qe6 25. Rxe6+ fxe6 26. Bxb6
Kf7 27. Bd4 Rab8 28. Qd6 Rb7 29. Qf4+ Ke8 30. Bxg7 Rb4 31. Qf7+ $4 Kxf7 32.
Bxh8 Bxa2 33. Bc3 0-1

[Event "Mechanics' Winter TNM; G/2"]
[Site "San Francisco"]
[Date "2016.02.02"]
[Round "5.51"]
[White "Baterdene, Jonathan"]
[Black "Olson, David R"]
[Result "0-1"]
[WhiteElo "768"]
[BlackElo "1400"]
[PlyCount "29"]
[EventDate "2016.??.??"]

1. e4 e5 2. Nf3 d6 3. d4 exd4 4. Nxd4 Nd7 5. Nc3 a6 6. Bc4 Ngf6 7. Bg5 Ne5 8.
Bb3 c5 9. Nf3 Be6 10. Bxe6 fxe6 11. Nxe5 dxe5 12. Qxd8+ Rxd8 13. O-O h6 14. Bh4
Rd2 15. f4 {Remaining moves unavailable} 0-1

[Event "Mechanics' Fall TNM; G/2"]
[Site "San Francisco"]
[Date "2016.11.15"]
[Round "5.42"]
[White "Baterdene, Jonathan"]
[Black "Trapani, Nick Leon"]
[Result "1-0"]
[WhiteElo "970"]
[BlackElo "1132"]
[PlyCount "37"]
[EventDate "2016.??.??"]

1. e4 e5 2. Nf3 Nc6 3. Bc4 Nf6 4. d3 d5 5. exd5 Nxd5 6. Bxd5 Qxd5 7. Nc3 Qd8 8.
Be3 Be7 9. d4 Bf6 10. dxe5 Qxd1+ 11. Rxd1 Nxe5 12. Nxe5 Bxe5 13. O-O O-O 14. f4
Bd6 15. Nb5 Re8 16. Nxd6 Rxe3 17. Nc4 Re2 18. Rd8+ Re8 19. Rxe8# 1-0

[Event "Mechanics' Alan Benson TNM; G/2"]
[Site "San Francisco"]
[Date "2016.08.23"]
[Round "4.44"]
[White "Baterdene, Jonathan"]
[Black "Valente, Marty J"]
[Result "1-0"]
[WhiteElo "966"]
[BlackElo "1168"]
[Annotator "Donaldson"]
[PlyCount "93"]
[EventDate "2016.??.??"]

1. e4 c5 2. Nf3 d6 3. d4 cxd4 4. Nxd4 Nc6 5. Bb5 Bd7 6. Nf3 a6 7. Bc4 e6 8. Nc3
Nf6 9. Be3 Be7 10. O-O O-O 11. Bf4 b5 12. Bb3 b4 13. Na4 Nxe4 14. Re1 d5 15. c4
bxc3 16. Nxc3 Nxc3 17. bxc3 Na5 18. Bc2 Bb5 19. Ng5 $2 Bxg5 20. Qh5 h6 21. Be5
Nc6 22. Bg3 Qf6 23. Qg4 g6 24. f4 h5 (24... Qxc3) 25. Qxg5 Qxg5 26. fxg5 Rac8
27. a4 Bc4 28. Rab1 Rb8 29. Bxb8 Nxb8 30. Bb3 Bd3 31. Rb2 a5 32. Rc1 Nd7 33.
Rd2 Nc5 34. Bc2 Bc4 35. Bd1 Bb3 36. Re2 Bxa4 37. Bxa4 Nxa4 38. Ra2 Nb6 39. Rxa5
Nc4 40. Ra4 f5 41. gxf6 Rxf6 42. Ra8+ Kg7 43. h4 Rf8 44. Ra7+ Rf7 45. Ra6 Rf6
46. Rb1 Nd6 $4 47. Rxd6 1-0

[Event "Mechanics' Summer TNM; G/2"]
[Site "San Francisco"]
[Date "2016.06.21"]
[Round "5.48"]
[White "Bayaraa, Bilguun"]
[Black "Bender, Karina Lar"]
[Result "0-1"]
[WhiteElo "721"]
[BlackElo "707"]
[PlyCount "48"]
[EventDate "2016.??.??"]

1. Nf3 Nc6 2. g3 e5 3. e4 Nf6 4. d3 h6 5. Bg2 Bc5 6. Nc3 d6 7. b3 O-O 8. Bb2
Bg4 9. Qe2 Nd4 10. Qd1 d5 11. h3 Bxf3 12. Bxf3 c6 13. Qd2 Nxf3+ 14. Kd1 Nxd2
15. Kxd2 dxe4 16. Rhd1 exd3 17. cxd3 Bxf2 18. g4 Bh4 19. Kc2 Bg5 20. Re1 Re8
21. Rad1 Qd4 22. a4 Qf2+ 23. Re2 Qf3 24. b4 e4 0-1

[Event "Mechanics' Summer TNM; G/2"]
[Site "San Francisco"]
[Date "2016.06.28"]
[Round "6.43"]
[White "Bayaraa, Bilguun"]
[Black "Brown, Nicholas M"]
[Result "0-1"]
[WhiteElo "721"]
[BlackElo "1479"]
[PlyCount "54"]
[EventDate "2016.??.??"]

1. Nf3 d5 2. d4 e6 3. g3 Nf6 4. Bg2 c5 5. c3 Be7 6. O-O O-O 7. b3 Nc6 8. e3 Bd7
9. Na3 Rc8 10. Nb5 a6 11. Na3 Bd6 12. c4 Qe7 13. Bb2 cxd4 14. exd4 Bxa3 15.
Bxa3 Qxa3 16. Ne5 Qe7 17. c5 Nxe5 18. dxe5 Ne4 19. Bxe4 dxe4 20. Qd6 Qxd6 21.
cxd6 Rc5 22. f4 exf3 23. Rae1 Bc6 24. d7 Rd8 25. b4 Rc2 26. Rf2 Rxf2 27. Kxf2
Rxd7 {and Black soon won.} 0-1

[Event "Mechanics' Fall TNM; G/2"]
[Site "San Francisco"]
[Date "2016.11.08"]
[Round "4.44"]
[White "Bayaraa, Bilguun"]
[Black "Cowgill, Jackie"]
[Result "1/2-1/2"]
[WhiteElo "1127"]
[BlackElo "936"]
[PlyCount "56"]
[EventDate "2016.??.??"]

1. d4 d5 2. Nf3 Nf6 3. Bf4 e6 4. c4 c6 5. c5 Be7 6. Nc3 O-O 7. b4 a6 8. a3 Re8
9. Na4 Nbd7 10. e3 b5 11. Nc3 Ne4 12. Qc2 Nxc3 13. Qxc3 Nf6 14. Bd3 Ne4 15. Qc2
h5 16. Bxe4 dxe4 17. Qxe4 Bd7 18. h3 Bf6 19. Rd1 a5 20. O-O axb4 21. axb4 Ra4
22. Rb1 Qa8 23. Bg5 Bxg5 24. Nxg5 g6 25. Qh4 e5 26. Rfd1 exd4 27. Rxd4 Bf5 28.
e4 Ra1 {White is winning but Black successfully held the draw. Remaining moves
unavailable.} 1/2-1/2

[Event "Mechanics' Winter TNM; G/2"]
[Site "San Francisco"]
[Date "2016.01.12"]
[Round "2.45"]
[White "Bayaraa, Bilguun"]
[Black "Eastham, Asher"]
[Result "0-1"]
[WhiteElo "543"]
[BlackElo "1499"]
[PlyCount "64"]
[EventDate "2016.??.??"]

1. d4 d5 2. Nc3 Nf6 3. Nf3 e6 4. Bf4 Be7 5. e3 O-O 6. Nb5 Bb4+ 7. c3 Ba5 8. b4
Bb6 9. Bd3 c6 10. Nd6 Bc7 11. Nxc8 Qxc8 12. O-O Nbd7 13. Ne5 Nxe5 14. dxe5 Nd7
15. e4 Nxe5 16. Bxe5 Bxe5 17. Qh5 Bxc3 18. Rac1 Bf6 19. e5 g6 20. Qf3 Bxe5 21.
Rce1 Bg7 22. Re3 Qd7 23. Qf4 e5 24. Qg5 f5 25. Rh3 Qd8 26. Qg3 e4 27. Be2 Qe7
28. f3 Rae8 29. f4 d4 30. Bc4+ Kh8 31. Rxh7+ Kxh7 32. Qh3+ Bh6 {
and Black went on to win.} 0-1

[Event "Mechanics' Alan Benson TNM; G/2"]
[Site "San Francisco"]
[Date "2016.09.13"]
[Round "7.30"]
[White "Bayaraa, Bilguun"]
[Black "Eastham, Asher Dan"]
[Result "0-1"]
[WhiteElo "796"]
[BlackElo "1568"]
[PlyCount "150"]
[EventDate "2016.??.??"]

1. d4 d5 2. Nf3 Nf6 3. g3 Bf5 4. Bg2 e6 5. Nc3 Be7 6. Bf4 O-O 7. Nb5 Na6 8. O-O
c6 9. Nc3 Rc8 10. Ne5 Nh5 11. Qd2 Nxf4 12. Qxf4 Bxc2 13. Qd2 Bf5 14. Rae1 f6
15. Nf3 Bb4 16. a3 Ba5 17. Nh4 Bg4 18. e4 Nc7 19. exd5 exd5 20. b4 Bb6 21. a4
a6 22. a5 Ba7 23. h3 Bh5 24. Re3 Qd7 25. Qa2 Bxd4 26. Rd3 Bxc3 27. Rxc3 Bf7 28.
Qc2 Rfe8 29. Rd1 Nb5 30. Rc5 Qe7 31. Bf3 Na3 32. Qc3 Nc4 33. Bg4 Rcd8 34. Nf3
Ne5 35. Nh2 Nxg4 36. Nxg4 Bh5 37. Rf1 Bxg4 38. hxg4 Qe4 39. f3 Qe3+ 40. Kg2
Qxc3 41. Rxc3 Re2+ 42. Kh3 Kf7 43. f4 Rde8 44. g5 f5 45. g4 R8e3+ 46. Rf3 Rxf3+
47. Rxf3 fxg4+ 48. Kxg4 Re4 49. Rb3 Ke6 50. Kh5 Kf5 51. Kh4 Rxf4+ 52. Kg3 Kxg5
53. Kh3 g6 54. Rg3+ Kf5 55. Re3 h5 56. Re7 Rxb4 57. Rf7+ Ke6 58. Rg7 Kf6 59.
Rg8 c5 60. Rf8+ Kg7 61. Rc8 c4 62. Rc7+ Kf6 63. Rc8 d4 64. Rf8+ Kg5 65. Re8
Rb3+ 66. Kg2 Kf4 67. Re2 c3 68. Kf2 Rb2 69. Ke1 Rxe2+ 70. Kxe2 Ke4 71. Kd1 d3
72. Kc1 Ke3 73. Kd1 d2 74. Kc2 Ke2 75. Kxc3 d1=Q 0-1